[Event "East Lansing (MOR/1b/26)"]
[Site "?"]
[Date "1993.??.??"]
[Round "?"]
[White "Kane, Paul"]
[Black "Banks, David"]
[Result "1-0"]
[WhiteElo "1605"]
[BlackElo "1605"]
[PlyCount "101"]
[EventDate "1993.??.??"]

1. d4 d5 2. c4 e6 3. Nc3 Nf6 4. Bg5 Be7 5. e3 Nc6 6. Qc2 e5 7. dxe5 Nxe5 8.
Bxf6 Bxf6 9. cxd5 O-O 10. Be2 g6 11. Nf3 Nxf3+ 12. Bxf3 Bxc3+ 13. Qxc3 a5 14.
O-O h5 15. Rac1 c6 16. dxc6 bxc6 17. Bxc6 Bb7 18. Bxb7 Ra7 19. Be4 Qd7 20. Rfd1
Qe7 21. Rd4 Rd8 22. Rxd8+ Qxd8 23. Qc8 Qxc8 24. Rxc8+ Kg7 25. h4 f5 26. Bc2 Kf6
27. f4 Rd7 28. Bb3 Kg7 29. Kf2 Rd2+ 30. Kf3 Rxb2 31. Rc7+ Kf8 32. Ra7 Rb1 33.
Rxa5 Ra1 34. g3 g5 35. Rxf5+ Kg7 36. Rxg5+ Kf6 37. Rxh5 Rf1+ 38. Ke4 Ke7 39. g4
Rc1 40. Rd5 Kf6 41. g5+ Kg6 42. f5+ Kh5 43. g6 Rg1 44. Rd7 Kxh4 45. g7 Rg4+ 46.
Ke5 Kg3 47. g8=Q Rxg8 48. Bxg8 Kf3 49. e4 Kg4 50. Rg7+ Kh5 51. Kf4 1-0

[Event "Flint (Class DE/3)"]
[Site "?"]
[Date "1993.??.??"]
[Round "?"]
[White "Kane, Paul"]
[Black "Aldrich, Justin"]
[Result "1-0"]
[WhiteElo "1605"]
[BlackElo "1605"]
[PlyCount "81"]
[EventDate "1993.??.??"]

1. d4 d5 2. c4 dxc4 3. e3 Be6 4. Nc3 Nf6 5. Qa4+ Nc6 6. Bxc4 Bxc4 7. Qxc4 e5 8.
d5 Nb4 9. Qe2 Nfxd5 10. Nxd5 Qxd5 11. Nf3 Qc5 12. O-O e4 13. Nd4 Bd6 14. Bd2
Nc2 15. Nb3 Qc6 16. Rac1 Be5 17. Bc3 Bxc3 18. Rxc2 Qa4 19. Rxc3 Qxa2 20. Ra1
Qxa1+ 21. Nxa1 c6 22. Rc4 O-O 23. Rxe4 Rad8 24. Nc2 Rd5 25. Rd4 Rfd8 26. Rxd5
Rxd5 27. g3 h6 28. Nd4 c5 29. Qb5 a6 30. Qxb7 Rd6 31. Qb8+ Kh7 32. Qxd6 cxd4
33. Qxd4 a5 34. Qe4+ g6 35. Qa4 h5 36. Qxa5 Kh6 37. b4 f5 38. b5 Kg5 39. Qd8+
Kg4 40. Kg2 g5 41. h3# 1-0

[Event "Flint (Class B/5)"]
[Site "?"]
[Date "1993.??.??"]
[Round "?"]
[White "Kamberi, Sonny"]
[Black "Swartz, J."]
[Result "1-0"]
[WhiteElo "1660"]
[BlackElo "1605"]
[PlyCount "45"]
[EventDate "1993.??.??"]

1. e4 Nf6 2. e5 Nd5 3. c4 Nb6 4. d4 d6 5. f4 dxe5 6. fxe5 Nc6 7. Be3 e6 8. Nf3
Be7 9. Be2 O-O 10. O-O f6 11. exf6 Bxf6 12. Nc3 Bd7 13. Ne4 h6 14. Nxf6+ Rxf6
15. Qd2 Qe7 16. Ne5 Nxe5 17. dxe5 Rf5 18. Rxf5 exf5 19. c5 f4 20. cxb6 fxe3 21.
Qd5+ Qe6 22. Bc4 c6 23. Qd3 1-0

[Event "Eastpointe (MI Action/3/8)"]
[Site "?"]
[Date "1993.??.??"]
[Round "?"]
[White "Kamberi, Sonny"]
[Black "Smith, Ed"]
[Result "1-0"]
[WhiteElo "2040"]
[BlackElo "1820"]
[PlyCount "45"]
[EventDate "1993.??.??"]

{3/(8)} 1. e4 c5 2. c3 d6 3. d4 cxd4 4. cxd4 Nf6 5. Nc3 e6 6. Nf3 Be7 7. Bd3
Nc6 8. O-O O-O 9. Bg5 Nd7 10. Bxe7 Qxe7 11. Qe2 Nb4 12. Bb1 b6 13. a3 Ba6 14.
Nb5 Nc6 15. e5 dxe5 16. Qe4 Nf6 17. Qxc6 Rac8 18. Qd6 Qxd6 19. Nxd6 Bxf1 20.
Nxc8 Rxc8 21. Kxf1 Rc1+ 22. Ke2 exd4 23. Bxh7+ 1-0

[Event "Flint (Class B/2)"]
[Site "?"]
[Date "1993.??.??"]
[Round "?"]
[White "Kamberi, Sonny"]
[Black "Munger, Larry"]
[Result "1-0"]
[WhiteElo "1660"]
[BlackElo "1730"]
[PlyCount "113"]
[EventDate "1993.??.??"]

1. e4 d6 2. d4 Nf6 3. Nc3 g6 4. f4 Bg7 5. Nf3 O-O 6. Be2 e5 7. dxe5 dxe5 8.
Qxd8 Rxd8 9. fxe5 Ng4 10. Nd5 Nc6 11. Bg5 Rxd5 12. exd5 Ncxe5 13. O-O Nxf3+ 14.
gxf3 Bd4+ 15. Kg2 Ne3+ 16. Bxe3 Bxe3 17. Bd3 Bf4 18. Rfe1 Bd7 19. Re2 Bd6 20.
c4 a5 21. Rb1 b6 22. a3 a4 23. b4 axb3 24. Rxb3 Rxa3 25. Rxa3 Bxa3 26. Ra2 Bd6
27. Bc2 Kf8 28. Ra8+ Ke7 29. Rh8 h5 30. Rh7 Kf6 31. Rh8 Be5 32. Rd8 Ke7 33. Ra8
Be8 34. Ba4 Bxa4 35. Rxa4 Kd6 36. h3 Kc5 37. Kf2 c6 38. dxc6 Kxc6 39. Ke2 Bd4
40. Kd3 Kc5 41. Ra6 Be5 42. Ra7 f5 43. Rd7 Bf6 44. Rd5+ Kc6 45. Rb5 Be7 46. Rb1
Bc5 47. Re1 Kd6 48. Re8 Bf2 49. Rg8 Ke5 50. Rxg6 Kf4 51. Rh6 h4 52. Ke2 Kg3 53.
Rg6+ Kxh3 54. Kxf2 f4 55. Rh6 b5 56. cxb5 Kh2 57. Rxh4# 1-0

[Event "East Lansing (MI Op/3/12)"]
[Site "?"]
[Date "1993.??.??"]
[Round "?"]
[White "Kamberi, Sonny"]
[Black "LaMar, Frank"]
[Result "1-0"]
[WhiteElo "1900"]
[BlackElo "2085"]
[PlyCount "83"]
[EventDate "1993.??.??"]

{3/(12)} 1. e4 c5 2. c3 d6 3. d4 cxd4 4. cxd4 Nf6 5. Bd3 Nc6 6. Ne2 Qb6 7. Nbc3
g6 8. O-O Bg7 9. h3 O-O 10. Be3 Qd8 11. f4 e6 12. a3 Re8 13. Rf2 Ne7 14. Qd2
Bd7 15. Raf1 Qc7 16. g4 Kh8 17. Ng3 Rg8 18. g5 Ne8 19. h4 f5 20. h5 d5 21. e5
Bf8 22. Rh2 Rc8 23. Rh3 gxh5 24. Nxh5 Ng6 25. Qh2 Bc6 26. Kf2 Rd8 27. Rh1 Rd7
28. Kf1 a6 29. Ne2 Rf7 30. Ng1 Bb5 31. Bxb5 axb5 32. Nf6 Nxf6 33. gxf6 Bxa3 34.
bxa3 Qc4+ 35. Ke1 Qc3+ 36. Bd2 Qa1+ 37. Ke2 Nf8 38. Nf3 Qa2 39. Ng5 Qc4+ 40.
Ke1 Qc7 41. Nxf7+ Qxf7 42. Bb4 1-0

[Event "East Lansing (MI Op/1a/10)"]
[Site "?"]
[Date "1993.??.??"]
[Round "?"]
[White "Kamberi, Sonny"]
[Black "Kebrdle, M."]
[Result "1-0"]
[WhiteElo "1900"]
[BlackElo "2070"]
[PlyCount "73"]
[EventDate "1993.??.??"]

1. e4 c6 2. d4 d5 3. exd5 cxd5 4. c4 e6 5. Nc3 Nf6 6. Nf3 Nc6 7. Bg5 Be7 8. c5
O-O 9. Bb5 h6 10. Bh4 Bd7 11. O-O b6 12. Bxc6 Bxc6 13. b4 Ne4 14. Bxe7 Qxe7 15.
Qc2 bxc5 16. bxc5 Nxc3 17. Qxc3 Qc7 18. Rab1 Rab8 19. Qe3 Bb5 20. Rfc1 Rb7 21.
Ne5 Rfb8 22. c6 Rb6 23. Nd7 Bc4 24. Nxb8 Qxb8 25. Rxb6 Qxb6 26. Qa3 a6 27. Qd6
Qb2 28. Qf4 g5 29. Qe3 Qb6 30. h4 Qxc6 31. hxg5 hxg5 32. Qxg5+ Kf8 33. Rc3 Ke8
34. Rh3 Qc7 35. Rh7 Qe7 36. Qf4 Qf8 37. Rh8 1-0

[Event "Flint (Class B/3)"]
[Site "?"]
[Date "1993.??.??"]
[Round "?"]
[White "Kamberi, Sonny"]
[Black "Gregory, Kevin"]
[Result "0-1"]
[WhiteElo "1660"]
[BlackElo "1795"]
[PlyCount "90"]
[EventDate "1993.??.??"]

1. e4 c6 2. d4 d5 3. exd5 cxd5 4. c4 Nf6 5. Nc3 g6 6. Bg5 Nbd7 7. cxd5 Nxd5 8.
Nxd5 Qa5+ 9. Qd2 Qxd5 10. Be2 h6 11. Be3 Bg7 12. Bf3 Qb5 13. Ne2 Nf6 14. O-O
Bg4 15. Nc3 Qh5 16. Bxb7 Rd8 17. Bc6+ Bd7 18. Bf3 Bg4 19. Bc6+ Bd7 20. Bxd7+
Rxd7 21. Ne2 Ng4 22. h3 Nxe3 23. Qxe3 O-O 24. Rfd1 Rfd8 25. Rd2 Qa5 26. Rad1
Qxa2 27. f4 e6 28. Kh1 Rb7 29. Qa3 Qxa3 30. bxa3 Rb3 31. Rd3 Rdb8 32. Ng1 Bf8
33. a4 Rxd3 34. Rxd3 Rb4 35. Nf3 Rxa4 36. Kg1 Ra2 37. Kf1 Bd6 38. Ne5 Bxe5 39.
dxe5 a5 40. g4 a4 41. Rd8+ Kg7 42. Ra8 a3 43. Kg1 Ra1+ 44. Kf2 a2 45. Ke2 Rh1
0-1

[Event "East Lansing (MI Op/4/7)"]
[Site "?"]
[Date "1993.??.??"]
[Round "?"]
[White "Kamberi, Sonny"]
[Black "Everett, Morgan"]
[Result "0-1"]
[WhiteElo "1900"]
[BlackElo "2155"]
[PlyCount "100"]
[EventDate "1993.??.??"]

{4/(7)} 1. e4 e5 2. Nf3 Nc6 3. Bb5 a6 4. Ba4 Nf6 5. O-O b5 6. Bb3 d6 7. h3 Be7
8. c3 Bb7 9. Re1 O-O 10. d4 h6 11. Nbd2 Re8 12. Nf1 Bf8 13. Ng3 g6 14. a4 exd4
15. Nxd4 Nxd4 16. cxd4 Nxe4 17. Qd3 d5 18. axb5 Nxg3 19. Rxe8 Qxe8 20. fxg3
Qxb5 21. Qxb5 axb5 22. Rxa8 Bxa8 23. Kf2 Bg7 24. Be3 Kf8 25. Bc2 b4 26. g4 Bb7
27. b3 Ba6 28. Kf3 Ke8 29. h4 Bf6 30. Bf2 Bf1 31. Bd1 Bd3 32. Ke3 Bb1 33. Bf3
c6 34. Bd1 Kd7 35. Bg3 Be4 36. Bf4 g5 37. hxg5 hxg5 38. Bg3 Be7 39. Kf2 c5 40.
dxc5 Bxc5+ 41. Kf1 Bd3+ 42. Ke1 Ke6 43. Bf2 Bxf2+ 44. Kxf2 Ke5 45. Ke3 Be4 46.
g3 d4+ 47. Ke2 Bd5 48. Bc2 Be6 49. Bd1 Ke4 50. Ke1 Ke3 0-1

[Event "Eastpointe (MI Action/1/9)"]
[Site "?"]
[Date "1993.??.??"]
[Round "?"]
[White "Kamberi, Sonny"]
[Black "Davis, Victor"]
[Result "1/2-1/2"]
[WhiteElo "2040"]
[BlackElo "1605"]
[PlyCount "62"]
[EventDate "1993.??.??"]

{1/(9)} 1. e4 d6 2. d4 Nf6 3. Nc3 g6 4. f4 Bg7 5. Nf3 O-O 6. Be2 Bg4 7. O-O
Nbd7 8. h3 Bxf3 9. Bxf3 c6 10. Be3 e5 11. dxe5 dxe5 12. f5 Nb6 13. fxg6 fxg6
14. Qe2 Ne8 15. Bc5 Rf7 16. Rad1 Qc7 17. Bg4 Rxf1+ 18. Rxf1 Nf6 19. Be6+ Kh8
20. Qf2 Rd8 21. Qh4 Nbd7 22. Be7 Re8 23. Bxf6 Nxf6 24. Bg4 Qb6+ 25. Kh1 Qxb2
26. Rxf6 Qxc3 27. Re6 Rf8 28. Bf3 Qa1+ 29. Kh2 Qxa2 30. Qe7 Bh6 31. Rxe5 Qf7
1/2-1/2

[Event "Eastpointe (MI Action/5/8)"]
[Site "?"]
[Date "1993.??.??"]
[Round "?"]
[White "Kamberi, Sonny"]
[Black "Calton, David A"]
[Result "0-1"]
[WhiteElo "2040"]
[BlackElo "1740"]
[PlyCount "88"]
[EventDate "1993.??.??"]

{5/(8)} 1. e4 e5 2. Nf3 Nf6 3. Nxe5 d6 4. Nxf7 Kxf7 5. d4 Be7 6. Nc3 Rf8 7.
Bc4+ Be6 8. Bxe6+ Kxe6 9. Qf3 g6 10. Bg5 Nh5 11. d5+ Kd7 12. Qh3+ Ke8 13. Bh6
Rf7 14. O-O Nd7 15. f4 Bf8 16. Bxf8 Kxf8 17. g4 Nhf6 18. Ne2 Nxe4 19. Nd4 Qf6
20. Ne6+ Kg8 21. Rae1 Ndc5 22. b4 Nxe6 23. dxe6 Qxe6 24. f5 gxf5 25. gxf5 Rg7+
26. Kh1 Qd5 27. Qf3 Re8 28. Re3 Qc6 29. f6 Nxf6 30. Qxc6 bxc6 31. Ra3 Ne4 32.
h3 Ng3+ 33. Kg1 Nxf1+ 34. Kxf1 c5 35. bxc5 dxc5 36. Rxa7 Re3 37. a4 Rxh3 38. a5
Ra3 39. a6 Rf7+ 40. Ke2 Kg7 41. Kd2 h5 42. c3 h4 43. Kc2 h3 44. Kb2 Ra5 0-1

[Event "East Lansing (MI Op/7/14)"]
[Site "?"]
[Date "1993.??.??"]
[Round "?"]
[White "Kamberi, Sonny"]
[Black "Bailey, Greg"]
[Result "0-1"]
[WhiteElo "1900"]
[BlackElo "2000"]
[PlyCount "217"]
[EventDate "1993.??.??"]

{7/(14)} 1. e4 e6 2. d4 d5 3. Nd2 Nf6 4. e5 Ng8 5. Bd3 c5 6. c3 Nc6 7. Ne2 f5
8. Nf3 c4 9. Bc2 Bd7 10. b3 b5 11. bxc4 bxc4 12. h4 Nge7 13. Bg5 Qa5 14. Qd2
Nc8 15. h5 h6 16. Bh4 Ba3 17. Rb1 Nb6 18. g4 Ne7 19. gxf5 Nxf5 20. Rg1 Nxh4 21.
Nxh4 O-O-O 22. Rxg7 Bf8 23. Rg3 Qxa2 24. Qd1 Kb7 25. Ra1 Qb2 26. Rb1 Qa2 27.
Ng6 Rg8 28. Nxf8 Rdxf8 29. Qc1 Ba4 30. Rxg8 Rxg8 31. Bxa4 Qxa4 32. Qxh6 Qc2 33.
Rc1 Qe4 34. Kd1 Na4 35. Qd2 Qh1+ 36. Kc2 Qe4+ 37. Kd1 Qf3 38. Qe3 Qxh5 39. Kd2
Qh7 40. Nf4 Qf5 41. Ra1 Nb2 42. Ra5 Kb6 43. Ra1 Rb8 44. Kc1 Qxf4 45. Kxb2 Kc6+
46. Kc1 Qh4 47. Ra6+ Rb6 48. Rxb6+ Kxb6 49. Qf3 Qe7 50. Qe2 Qg5+ 51. Kb1 Qg6+
52. Ka2 Qd3 53. Qb2+ Kc7 54. Ka3 Qd1 55. Ka2 Qa4+ 56. Kb1 a5 57. Qc2 Qb3+ 58.
Kc1 a4 59. Qh7+ Kc6 60. Qf7 Qxc3+ 61. Kb1 Qd3+ 62. Kc1 Qc3+ 63. Kb1 Qe1+ 64.
Kc2 Qe2+ 65. Kc1 Kb5 66. Qxe6 Qe1+ 67. Kc2 Qxf2+ 68. Kc3 Qe3+ 69. Kc2 Qd3+ 70.
Kc1 Qe3+ 71. Kc2 Qb3+ 72. Kc1 c3 73. Qd7+ Kc4 74. Qc8+ Kxd4 75. Qg4+ Kd3 76.
Qf3+ Kc4 77. Qf1+ Kc5 78. Qf8+ Kb6 79. Qd8+ Kc5 80. Qc8+ Kb6 81. Qb8+ Kc6 82.
Qd6+ Kb7 83. Qd7+ Kb8 84. Qd8+ Ka7 85. Qd7+ Ka6 86. Qc6+ Ka7 87. Qd7+ Qb7 88.
Qxa4+ Kb8 89. Qe8+ Kc7 90. Qe7+ Kc6 91. Qe8+ Kc5 92. Qf8+ Kc4 93. Qf1+ Kb3 94.
Qd3 Qc6 95. Qb1+ Kc4 96. Qa2+ Kd4 97. Qf2+ Kxe5 98. Qe3+ Kd6 99. Qf4+ Kc5 100.
Qf8+ Kc4 101. Qf1+ Kb3 102. Qd1+ Ka3 103. Qd4 Kb3 104. Qd1+ Kb4 105. Qd4+ Qc4
106. Qb6+ Qb5 107. Qd4+ Kb3 108. Qf6 Qc5 109. Qg6 0-1

[Event "Flint (Class C/2)"]
[Site "?"]
[Date "1993.??.??"]
[Round "?"]
[White "Juska, K."]
[Black "Raupp, Helene"]
[Result "1-0"]
[WhiteElo "1605"]
[BlackElo "1605"]
[PlyCount "121"]
[EventDate "1993.??.??"]

1. d4 e6 2. c4 f5 3. Nf3 Nf6 4. Bg5 b6 5. e3 Bb7 6. Be2 Bb4+ 7. Nbd2 O-O 8. a3
Be7 9. Bxf6 Bxf6 10. O-O d6 11. Re1 Nd7 12. Bd3 g5 13. Nb3 g4 14. Nfd2 Qe8 15.
e4 Qg6 16. exf5 exf5 17. Qc2 Bg7 18. Re7 Rad8 19. Rae1 Qh5 20. Nf1 f4 21. Be4
Bxe4 22. Qxe4 f3 23. Ne3 Nf6 24. Qf5 Qh4 25. Qe6+ Kh8 26. Rxg7 fxg2 27. Rf7
Rxf7 28. Qxf7 Ne4 29. Nxg2 Qh3 30. Re3 g3 31. fxg3 Qg4 32. Rxe4 Qxe4 33. Qf6+
Kg8 34. Qxd8+ Kg7 35. Qxc7+ Kf8 36. Qxd6+ Ke8 37. Qe5+ Qxe5 38. dxe5 Ke7 39.
Nh4 Ke6 40. Nf3 h6 41. Kf2 a6 42. Ke3 h5 43. h3 a5 44. Nxa5 bxa5 45. b4 axb4
46. axb4 Kd7 47. Kd4 Kc6 48. b5+ Kd7 49. Kd5 Ke7 50. c5 Kd7 51. e6+ Kc7 52. b6+
Kd8 53. Kd6 h4 54. Nxh4 Kc8 55. e7 Kb7 56. e8=Q Ka6 57. Kc7 Ka5 58. b7 Kb4 59.
b8=Q+ Kc4 60. Qe4+ Kc3 61. Qbb4# 1-0

[Event "Flint (Class C/5)"]
[Site "?"]
[Date "1993.??.??"]
[Round "?"]
[White "Juska, K."]
[Black "Golangai, P."]
[Result "1/2-1/2"]
[WhiteElo "1605"]
[BlackElo "1605"]
[PlyCount "61"]
[EventDate "1993.??.??"]

1. d4 Nf6 2. c4 g6 3. Nc3 Bg7 4. Nf3 O-O 5. Bf4 Nh5 6. Bd2 d6 7. e3 Nd7 8. Be2
c5 9. d5 a6 10. a4 Nb6 11. b3 e6 12. e4 e5 13. Ng5 Nf6 14. O-O h6 15. Nf3 Ne8
16. Qc1 g5 17. h3 f5 18. Nh2 Nf6 19. f3 f4 20. Rd1 Rf7 21. Be1 Bf8 22. Bf2 Rg7
23. Rd2 h5 24. Qd1 Be7 25. Kf1 Nbd7 26. Ke1 Nf8 27. Rd3 Ng6 28. Kd2 Nh8 29. Kc2
Nf7 30. g4 h4 31. Rd2 1/2-1/2

[Event "Flint (Class A/1)"]
[Site "?"]
[Date "1993.??.??"]
[Round "?"]
[White "June, Brian"]
[Black "Wisckol, Richard"]
[Result "0-1"]
[WhiteElo "1900"]
[BlackElo "1800"]
[PlyCount "114"]
[EventDate "1993.??.??"]

1. Nf3 Nf6 2. d4 d6 3. Bf4 g6 4. c4 Bg7 5. Nc3 O-O 6. e3 Re8 7. Be2 Nbd7 8. h3
b6 9. O-O Bb7 10. Rc1 e5 11. dxe5 Nxe5 12. Nd4 Ne4 13. Nxe4 Bxe4 14. f3 Bb7 15.
e4 a6 16. Qe1 Qf6 17. Be3 Nd7 18. Qd2 Qh4 19. Kh2 Qe7 20. Bf4 Nc5 21. b4 Ne6
22. Be3 f5 23. Nxe6 Qxe6 24. c5 fxe4 25. c6 d5 26. cxb7 Ra7 27. Bd4 Rxb7 28.
Bxg7 Kxg7 29. Qd4+ Kg8 30. fxe4 Qd6+ 31. Kh1 Rxe4 32. Qf2 Qe7 33. Rce1 c6 34.
Bxa6 Rb8 35. Bd3 Rxe1 36. Qxe1 Qxe1 37. Rxe1 Kf7 38. Rc1 Rc8 39. Kg1 c5 40.
bxc5 bxc5 41. Kf2 c4 42. Be2 Ra8 43. Rc2 Ra3 44. Ke1 Ke6 45. Rd2 Ke5 46. Bf3 d4
47. Re2+ Kd6 48. Be4 d3 49. Rd2 Ke5 50. Bf3 Kd4 51. Be2 Ke3 52. Bf1 Rc3 53. Kd1
Ra3 54. Ke1 Ra7 55. Kd1 Rd7 56. a4 Rb7 57. Ke1 Rb1+ 0-1

[Event "East Lansing (MI Op/2/27)"]
[Site "?"]
[Date "1993.??.??"]
[Round "?"]
[White "June, Brian"]
[Black "Stigter, J."]
[Result "1/2-1/2"]
[WhiteElo "1890"]
[BlackElo "2000"]
[PlyCount "84"]
[EventDate "1993.??.??"]

{2/(27)} 1. d4 f5 2. Nf3 e6 3. c4 Nf6 4. Nc3 Bb4 5. e3 O-O 6. Bd3 Ne4 7. Qb3
Bxc3+ 8. bxc3 b6 9. O-O Bb7 10. a4 a5 11. Ba3 Rf6 12. d5 Kh8 13. Bxe4 fxe4 14.
Ng5 exd5 15. cxd5 Ba6 16. c4 d6 17. Bb2 Nd7 18. Bxf6 Qxf6 19. Nxe4 Qh4 20. Qc2
Ne5 21. Nd2 Rf8 22. Qe4 Qh6 23. f4 Ng6 24. Nf3 Bc8 25. Ng5 Bf5 26. Qd4 Ne7 27.
Rf3 Bg4 28. Rff1 Qg6 29. e4 h6 30. Nf3 Rxf4 31. Nh4 Rxf1+ 32. Rxf1 Qg5 33. Rf7
Bh5 34. Rf8+ Kh7 35. Nf5 Bf3 36. g3 Nxf5 37. Rxf5 Qc1+ 38. Kf2 Bg4 39. Rf7 Qc2+
40. Kg1 Qc1+ 41. Rf1 Qc2 42. Rf7 Qc1+ 1/2-1/2

[Event "East Lansing (MI Op/5/38)"]
[Site "?"]
[Date "1993.??.??"]
[Round "?"]
[White "June, Brian"]
[Black "Scott, Steven"]
[Result "0-1"]
[WhiteElo "1890"]
[BlackElo "1915"]
[PlyCount "94"]
[EventDate "1993.??.??"]

{5/(38)} 1. d4 Nf6 2. Nf3 e6 3. Bf4 d5 4. e3 Bd6 5. Bg3 c5 6. c3 O-O 7. Bd3 b6
8. Nbd2 Bb7 9. Ne5 Qc7 10. O-O Nbd7 11. f4 Ne4 12. Rc1 f6 13. Nxd7 Qxd7 14.
Bxe4 dxe4 15. Nc4 Be7 16. dxc5 Qxd1 17. Rcxd1 Bxc5 18. b4 Ba6 19. bxc5 Bxc4 20.
Rf2 bxc5 21. Rd7 Rfd8 22. Rdd2 Rab8 23. h3 Rb1+ 24. Kh2 Rd3 25. Rb2 Rdd1 26.
Rxb1 Rxb1 27. Rd2 Bd3 28. Bf2 Kf7 29. g4 f5 30. Kg2 a5 31. Bh4 a4 32. Bd8 a3
33. Ba5 Rb2 34. c4 Rxd2+ 35. Bxd2 Bxc4 36. Kf2 Bxa2 37. Bc3 Bb1 38. Ke2 a2 39.
Kd2 Bd3 40. Bb2 Bf1 41. gxf5 Bxh3 42. fxe6+ Bxe6 43. Ke2 h5 44. Kf2 h4 45. Ba1
Bf5 46. Ke1 g6 47. Kf2 Ke6 0-1

[Event "Ann Arbor (HVA/2/5)"]
[Site "?"]
[Date "1993.??.??"]
[Round "?"]
[White "June, Brian"]
[Black "Rostrom, Richard"]
[Result "1-0"]
[WhiteElo "1855"]
[BlackElo "1685"]
[PlyCount "53"]
[EventDate "1993.??.??"]

{2/(5)} 1. Nf3 Nf6 2. d4 d5 3. Bf4 e6 4. c4 Bb4+ 5. Nc3 O-O 6. e3 Ne4 7. Qb3
Nc6 8. Bd3 Nxc3 9. bxc3 Bd6 10. Bg3 Bxg3 11. hxg3 dxc4 12. Bxh7+ Kh8 13. Qxc4
Ne7 14. Qc5 Nd5 15. c4 b6 16. Qa3 g6 17. Bxg6+ Kg7 18. Be4 f5 19. Bd3 Qe7 20.
Qb2 Qb4+ 21. Qxb4 Nxb4 22. Ke2 Ba6 23. a3 Nc6 24. Ng5 Rf6 25. Rh7+ Kg6 26. f4
Rc8 27. Rah1 1-0

[Event "Lansing (MI Am/1)"]
[Site "?"]
[Date "1993.??.??"]
[Round "?"]
[White "June, Brian"]
[Black "Maul, Tim"]
[Result "1-0"]
[WhiteElo "1885"]
[BlackElo "1605"]
[PlyCount "67"]
[EventDate "1993.??.??"]

1. d4 Nf6 2. Nf3 g6 3. c4 d6 4. Nc3 Bg7 5. Bf4 O-O 6. h3 Nbd7 7. e3 Re8 8. Be2
Kh8 9. O-O Ng8 10. Ng5 Rf8 11. Bf3 e5 12. dxe5 dxe5 13. Qd5 Nh6 14. Rad1 exf4
15. exf4 Bf6 16. Nce4 Bxg5 17. Nxg5 Qf6 18. Rfe1 Nb6 19. Qc5 Bf5 20. Bxb7 Rab8
21. Qxc7 Nxc4 22. Re7 Qxb2 23. Ba6 Nb6 24. Nxf7+ Nxf7 25. Rxf7 Rxf7 26. Qxb8+
Kg7 27. Bc4 Nxc4 28. Rd8 Qxb8 29. Rxb8 Nb6 30. g3 Bb1 31. a3 Bd3 32. Kg2 a6 33.
Rxb6 Rb7 34. Rxb7+ 1-0

[Event "Ann Arbor (HVA/5/5)"]
[Site "?"]
[Date "1993.??.??"]
[Round "?"]
[White "June, Brian"]
[Black "Johnson, H."]
[Result "1-0"]
[WhiteElo "1855"]
[BlackElo "1800"]
[PlyCount "115"]
[EventDate "1993.??.??"]

{5/(5)} 1. Nf3 Nf6 2. d4 d5 3. Bf4 e6 4. c4 c6 5. Nc3 Bb4 6. e3 Nbd7 7. Bd3
dxc4 8. Bxc4 Nd5 9. Bxd5 exd5 10. O-O O-O 11. Qd3 Nf6 12. a3 Bd6 13. Bg5 h6 14.
Bh4 Bg4 15. Ne5 g5 16. Nxg4 Nxg4 17. Bg3 h5 18. h3 Nh6 19. e4 Bxg3 20. fxg3 Kg7
21. e5 Qd7 22. Rf6 Ng8 23. Rf5 f6 24. Raf1 Rf7 25. Qe3 Re8 26. exf6+ Kf8 27.
Qxg5 Qd6 28. Re5 Re6 29. Qxh5 Rexf6 30. Rxf6 Qxf6 31. Qe2 Ne7 32. g4 Ng6 33.
Rf5 Qxd4+ 34. Kh1 Rxf5 35. gxf5 Ne7 36. Qe6 Qf4 37. f6 Nf5 38. Ne2 Qe4 39. Qxe4
dxe4 40. g4 Nh4 41. Kh2 Kf7 42. Kg3 Nf3 43. Kf4 Kxf6 44. Nc3 Nd4 45. Nxe4+ Kg6
46. h4 b6 47. h5+ Kh6 48. Ng3 c5 49. g5+ Kh7 50. Nf5 Nc2 51. g6+ Kg8 52. h6 c4
53. Ne3 Nxa3 54. bxa3 b5 55. Ke4 a5 56. Kd4 b4 57. axb4 a4 58. Nxc4 1-0

[Event "Lansing (MI Am/5)"]
[Site "?"]
[Date "1993.??.??"]
[Round "?"]
[White "June, Brian"]
[Black "Grzegorczyk, Ron"]
[Result "1-0"]
[WhiteElo "1885"]
[BlackElo "1645"]
[PlyCount "109"]
[EventDate "1993.??.??"]

1. d4 d5 2. Nf3 Nf6 3. Bf4 e6 4. c4 Bd6 5. Bg3 Bxg3 6. hxg3 Nc6 7. Nc3 a6 8.
cxd5 exd5 9. e3 Bf5 10. Qb3 b5 11. Rc1 Na5 12. Qb4 c6 13. Ne5 Ng4 14. Nxg4 Bxg4
15. Bd3 h6 16. b3 Nb7 17. Ne2 Bd7 18. Rh5 Qa5 19. Qxa5 Nxa5 20. Re5+ Kd8 21.
Nf4 Re8 22. Rxe8+ Kxe8 23. Kd2 Ke7 24. Be2 Kd6 25. Nd3 f6 26. Bf3 Rb8 27. Nb4
Rb6 28. e4 dxe4 29. Bxe4 Be6 30. Ke3 f5 31. Bf3 g5 32. Rh1 g4 33. Be2 c5 34.
dxc5+ Kxc5 35. Nd3+ Kd6 36. Rxh6 Kc7 37. Nc5 Bd5 38. Nxa6+ Kb7 39. Nc5+ Kc7 40.
Rxb6 Kxb6 41. Nd7+ Kc6 42. Ne5+ Kb6 43. f3 Nc6 44. Nxc6 Bxc6 45. Kd4 Kc7 46.
Ke5 Bd7 47. Bd3 Bc6 48. Bxf5 gxf3 49. gxf3 Bxf3 50. g4 Kb6 51. g5 Kc5 52. Be4
Bh5 53. g6 Kb4 54. g7 Bf7 55. Bd5 1-0

[Event "East Lansing (MI Op/3/31)"]
[Site "?"]
[Date "1993.??.??"]
[Round "?"]
[White "June, Brian"]
[Black "Golonka, Stan"]
[Result "0-1"]
[WhiteElo "1890"]
[BlackElo "1950"]
[PlyCount "70"]
[EventDate "1993.??.??"]

{3/(31)} 1. d4 Nf6 2. Nf3 c5 3. c3 b6 4. Bf4 d6 5. e3 Bb7 6. Nbd2 g6 7. Bd3 Bg7
8. e4 O-O 9. O-O Nc6 10. d5 Nb8 11. Qe2 Re8 12. Rfd1 a6 13. Rac1 e5 14. dxe6
Rxe6 15. Ng5 Re8 16. Bc4 d5 17. Ndf3 h6 18. Nxf7 Kxf7 19. Ne5+ Kg8 20. Qd2 Nxe4
21. Bxd5+ Bxd5 22. Qe3 Bxe5 23. Bxh6 Nxc3 24. Qxe5 Rxe5 25. Rxc3 Qe8 26. Be3
Nc6 27. h3 Nd4 28. Bxd4 Re1+ 29. Rxe1 Qxe1+ 30. Kh2 cxd4 31. Rg3 Qe5 32. b4 d3
33. b5 d2 34. bxa6 d1=Q 35. a4 Qf1 0-1

[Event "Ann Arbor (HVA/4/8)"]
[Site "?"]
[Date "1993.??.??"]
[Round "?"]
[White "June, Brian"]
[Black "Golingai, P."]
[Result "1-0"]
[WhiteElo "1855"]
[BlackElo "1675"]
[PlyCount "61"]
[EventDate "1993.??.??"]

{4/(8)} 1. d4 Nf6 2. Nf3 g6 3. c4 Bg7 4. Nc3 O-O 5. e4 d6 6. Be2 e5 7. d5 Nbd7
8. O-O Nh5 9. Bg5 Qe8 10. Nb5 Nc5 11. Nxc7 Qd7 12. Nxa8 f5 13. Nd2 fxe4 14.
Bxh5 gxh5 15. Qxh5 Qf5 16. Qh4 Qg6 17. Nc7 Rf5 18. Be3 Nd3 19. Nxe4 Nf4 20.
Qd8+ Rf8 21. Qg5 Qxe4 22. Bxf4 Rxf4 23. Ne6 Bxe6 24. dxe6 Rg4 25. Qd8+ Bf8 26.
g3 Rg7 27. Rad1 h5 28. Rxd6 h4 29. e7 Rxe7 30. Rh6 Rh7 31. Rxh4 1-0

[Event "Lansing (MI Am/3)"]
[Site "?"]
[Date "1993.??.??"]
[Round "?"]
[White "June, Brian"]
[Black "Foote, Greg"]
[Result "1-0"]
[WhiteElo "1885"]
[BlackElo "1605"]
[PlyCount "78"]
[EventDate "1993.??.??"]

1. d4 Nf6 2. Nf3 g6 3. c4 c5 4. Bf4 d6 5. e3 Bg7 6. Nc3 O-O 7. h3 Qb6 8. Qb3
Qxb3 9. axb3 Nc6 10. dxc5 dxc5 11. Be2 Rd8 12. O-O Rd2 13. Nxd2 Nb4 14. Nb5 Bd7
15. Rxa7 Rxa7 16. Nxa7 Ne8 17. Ne4 b6 18. Rd1 Bf5 19. Nc3 e5 20. Bg3 Be6 21.
Rd8 Kf8 22. Bf3 Ke7 23. Rb8 f5 24. Nc6+ Nxc6 25. Bxc6 Nd6 26. Bh4+ Kf7 27. Nd5
Ne4 28. Rb7+ Kg8 29. f3 g5 30. fxe4 gxh4 31. Ne7+ Kf8 32. exf5 Bf7 33. Bd5 Bxd5
34. cxd5 Bf6 35. d6 Ke8 36. Nd5 Bd8 37. f6 e4 38. Rb8 Kd7 39. Rxd8+ Kxd8 1-0

[Event "Flint (Class A/3)"]
[Site "?"]
[Date "1993.??.??"]
[Round "?"]
[White "June, Brian"]
[Black "Emke, Robert"]
[Result "0-1"]
[WhiteElo "1900"]
[BlackElo "1935"]
[PlyCount "100"]
[EventDate "1993.??.??"]

1. d4 e6 2. Nf3 f5 3. c4 d5 4. Nc3 Nf6 5. Bg5 Be7 6. g3 c6 7. Qb3 Ne4 8. Bf4
Nd7 9. Bg2 Ndf6 10. O-O O-O 11. Rfd1 Ng4 12. Nxe4 fxe4 13. Nd2 Bd6 14. Be3 h5
15. f3 Nxh2 16. Kxh2 Qh4+ 17. Kg1 Bxg3 18. Nf1 Bc7 19. fxe4 dxe4 20. Qc2 Bd7
21. Qxe4 Rxf1+ 22. Rxf1 Qh2+ 23. Kf2 Bg3+ 24. Kf3 Rf8+ 25. Bf4 Rxf4+ 26. Ke3
Rxe4+ 27. Bxe4 Qh4 28. Rf3 Qg5+ 29. Kd3 Be8 30. Raf1 Bd6 31. e3 Bg6 32. Bxg6
Qxg6+ 33. e4 Qe8 34. e5 Be7 35. Rg3 g5 36. Rfg1 g4 37. Ke2 Qg6 38. Kd2 Bg5+ 39.
Kc3 Bf4 40. Rh3 Kg7 41. Rhh1 Qg5 42. b4 b5 43. a4 a6 44. cxb5 cxb5 45. Ra1 Kg6
46. axb5 axb5 47. Ra8 Bd2+ 48. Kc2 Qe3 49. Rb1 Qe4+ 50. Kb2 Qxa8 0-1